MyGZULibrary

Landlord and tenant / (Record no. 8687)

MARC details
000 -LEADER
fixed length control field 00923nam a2200289 a 4500
001 - CONTROL NUMBER
control field 1607408
003 - CONTROL NUMBER IDENTIFIER
control field GZU
005 - DATE AND TIME OF LATEST TRANSACTION
control field 20210524094002.0
008 - FIXED-LENGTH DATA ELEMENTS--GENERAL INFORMATION
fixed length control field 941025s1994 sa b 001 0 eng
010 ## - LIBRARY OF CONGRESS CONTROL NUMBER
LC control number 94197944
020 ## - INTERNATIONAL STANDARD BOOK NUMBER
International Standard Book Number 070213080X
020 ## - INTERNATIONAL STANDARD BOOK NUMBER
International Standard Book Number 0702130796 (pbk.)
040 ## - CATALOGING SOURCE
Original cataloging agency DLC
Transcribing agency DLC
Modifying agency DLC
043 ## - GEOGRAPHIC AREA CODE
Geographic area code f-sa---
050 00 - LIBRARY OF CONGRESS CALL NUMBER
Classification number KTL880
Item number .C66 1994
082 00 - DEWEY DECIMAL CLASSIFICATION NUMBER
Classification number 346.6804/34
-- 346.806434
Edition number 20
100 1# - MAIN ENTRY--PERSONAL NAME
Personal name Cooper, W. E.
Fuller form of name (Wilfrid Edward),
Dates associated with a name 1926-
245 10 - TITLE STATEMENT
Title Landlord and tenant /
Statement of responsibility, etc. by W.E. Cooper.
250 ## - EDITION STATEMENT
Edition statement 2nd ed.
260 ## - PUBLICATION, DISTRIBUTION, ETC.
Place of publication, distribution, etc. Kenwyn :
Name of publisher, distributor, etc. Juta,
Date of publication, distribution, etc. 1994.
300 ## - PHYSICAL DESCRIPTION
Extent lii, 387 p. ;
Dimensions 26 cm.
504 ## - BIBLIOGRAPHY, ETC. NOTE
Bibliography, etc. note Includes bibliographical references (p. xiii-xvii) and index.
650 #0 - SUBJECT ADDED ENTRY--TOPICAL TERM
Topical term or geographic name entry element Landlord and tenant
Geographic subdivision South Africa.
906 ## - LOCAL DATA ELEMENT F, LDF (RLIN)
a 7
b cbc
c orignew
d 3
e ncip
f 19
g y-gencatlg
942 ## - ADDED ENTRY ELEMENTS (KOHA)
Source of classification or shelving scheme Library of Congress Classification
Koha item type Books
Edition 2nd
Classification part 880
Item part COO
Call number prefix KTL
Call number suffix 1994
Holdings
Withdrawn status Lost status Damaged status Not for loan Collection code Home library Current library Shelving location Date acquired Total Checkouts Full call number Barcode Date last seen Copy number Price effective from Koha item type
        Non-fiction Law Library Law Library General Stacks 05/24/2021   KTL880 COO 1994 004641 05/24/2021 c.1 05/24/2021 Books